| LEADER | 00919nab#a2200337#ar4500 | ||
|---|---|---|---|
| 001 | 000059639 | ||
| 003 | SVKKK | ||
| 005 | 20060529132812.0 | ||
| 008 | 060529c2005 xr e cze | ||
| FMT | |||
| 038 | |a SVKKK | ||
| 040 | |a SVKKK |b slo |e AACR2 | ||
| 041 | 0 | |a cze | |
| 044 | |a xr |c CZ | ||
| 080 | |a 504.054(437.1/.2) |2 1997 | ||
| 080 | |a 546.49:504.054(437.1/.2) |2 1997 | ||
| 100 | 1 | |a Bureš, Vladimír |4 aut | |
| 245 | 1 | 0 | |a Emise rtuti z průmyslových zdrojů |c Vladimír Bureš, Jan Velíšek, Milan Fara |
| 300 | |b Obr., tab. | ||
| 504 | |a Bibliogr. odkazy | ||
| 650 | 0 | 4 | |a emisie |x ortuť |x monitoring |z Česko |
| 650 | 0 | 4 | |a ortuť |x výskyt |x výroba |z Česko |
| 700 | 1 | |a Fara, Milan |4 aut | |
| 700 | 1 | |a Velíšek, Jan |4 aut | |
| 773 | 0 | |t Ochrana ovzduší |x 1211-0337 |g Roč. 17 (37), č. 4 (2005), s. 11-28 | |
| 958 | |a CZ | ||
| 958 | |a NB | ||
| 992 | |a RBX | ||
| BAS | |||
| 852 | |a SVKKK |b BIB | ||
| 998 | |a GEO | ||